• 首页
  • 本馆介绍
  • 公告通知
  • 最新文献
  • 馆藏检索
  • 电子资源
  • 读者导购
  • 参考咨询
  • 我的图书馆
  • 登录
  • 详细信息显示
  • 放入我的书架
  • 预约/预借图书
  • 作者相关作品
  • 分类相关作品
  • 丛书相关作品
  • 出版社相关作品

书目信息

  • 表格格式
  • 工作单格式
  • 卡片格式
书名: Sociology
作者: Rodney Stark.
分册号:
分册名:
出版地: Belmont, CA :
 
出版社: Wadsworth/Thomson Learning
出版时间: c2001.
页数: xxvi, 672 p. :
开本: 29 cm.
丛书名:
中图分类号:
科图分类号:
其他分类号: C01
主题词:
电子资源:
000 00983cam a22002774a 450
001 E0740248454
005 20070313111749.78
008 000308s2001 cauab b 001 0 eng
010    @a00029019
020    @a053456934X (acid-free, recycled paper).
040    @aDLC@cDLC@dDLC
042    @apcc
050 00 @aHM586@b.S65 2001
082 00 @a301 @2 21
090    @aC01
099    @dC01@ex1
100 1  @aStark, Rodney.
245 10 @aSociology / @cRodney Stark.
250    @aInternet ed., 8th ed.
260    @aBelmont, CA :@bWadsworth/Thomson Learning,@cc2001.
300    @axxvi, 672 p. :@bill. (some col.), col. maps ;@c29 cm.
504    @aIncludes bibliographical references (p. [629]-645) and indexes.
650  0 @aSociology.
906    @a7@bcbc@corignew@d1@eocip@f20@gy-gencatlg
925 0  @aacquire@b1 shelf copy@xpolicy default
955    @ato SSCD pc24 03-08-00; sc20 03-10-00; sc04/sc01 03-14-00; sc02 to Dewey 03-15-00; aa20 03-15-00; CIP ver. pv04 07-25-00 to BCCD
    
    Sociology / / Rodney Stark.-Internet ed., 8th ed.-Belmont, CA : : Wadsworth/Thomson Learning, , c2001.
    xxvi, 672 p. : : ill. (some col.), col. maps ; ; 29 cm.
    Includes bibliographical references (p. [629]-645) and indexes.
    
    ISBN 053456934X (acid-free, recycled paper).
    
●
相关链接 在E读中查询图书 在五车中查询图书 在当当中查询图书 在豆瓣中查询图书


正题名:Sociology     索取号:C01/x1         预约/预借

序号 登录号 条形码 馆藏地/架位号 状态 备注
1 0001627   300016275   第二样本阅览室/ [索取号:C01/x1] 在馆    
2 0001853   300018530   第四借阅区/ [索取号:C01/x1] 在馆    
唐山师范学院图书馆 欢迎您!
大连网信软件有限公司© 版权所有